Drinking on TV Quiz Stats

 Plays Quiz Updated Sep 2, 2014

Support Sporcle.
Go Orange.
Score 0/18 Timer 08:00
1 Play Today
% Correct
Homer Simpson (The Simpsons)
99.4%
Joey Tribbiani (Friends)
95.7%
Stewie Griffin (Family Guy)
93.4%
Sheldon Cooper (The Big Bang Theory)
93%
Dwight Schrute (The Office)
91.6%
Tyrion Lannister (Game of Thrones)
84.2%
Philip J. Fry (Futurama)
83%
Cameron Tucker (Modern Family)
79.2%
Buffy Summers (Buffy the Vampire Slayer)
74.5%
% Correct
Ron Swanson (Parks and Recreation)
74.1%
Lucille Bluth (Arrested Development)
68%
Karen Walker (Will & Grace)
63.7%
Olivia Benson (Law & Order: SVU)
61.7%
Jesse Pinkman (Breaking Bad)
60.7%
Marie Calvet (Mad Men)
37.4%
Hannibal Lecter (Hannibal)
36.7%
Lafayette Reynolds (True Blood)
28.1%
Bethenny Frankel (Real Housewives of New York)
27.8%

You're not logged in!

Compare scores with friends on all Sporcle quizzes.
OR
Log In

From the Vault

World Landmark Jigsaw Puzzles

by razorz

Lucky for you, none of the pieces of this puzzle were eaten by the family pet.
Remove Ads.
Support Sporcle.
Get the best of Sporcle when you Go Orange. This ad-free experience offers more features, more stats, and more fun while also helping to support Sporcle. Thank you for becoming a member.

Show Comments

Extras

Top Quizzes Today


Score Distribution

Your Account Isn't Verified!

In order to create a playlist on Sporcle, you need to verify the email address you used during registration. Go to your Sporcle Settings to finish the process.

Report this User

Report this user for behavior that violates our Community Guidelines.

Details: